Arable farmers hit back (Record no. 70628)
[ view plain ]
| 000 -LEADER | |
|---|---|
| fixed length control field | 01194cam a2200229 4500 |
| 001 - CONTROL NUMBER | |
| control field | WB3824-29 |
| 008 - FIXED-LENGTH DATA ELEMENTS--GENERAL INFORMATION | |
| fixed length control field | 020701n2002 000 0 eng u |
| 035 ## - SYSTEM CONTROL NUMBER | |
| System control number | (Sirsi) u118608 |
| 245 ## - TITLE STATEMENT | |
| Title | Arable farmers hit back |
| 260 ## - PUBLICATION, DISTRIBUTION, ETC. | |
| Date of publication, distribution, etc. | 2002 |
| 490 ## - SERIES STATEMENT | |
| Series statement | NFU Press Release |
| Volume/sequential designation | 27 June 2002, (2) |
| 520 ## - SUMMARY, ETC. | |
| Summary, etc. | A survey by the National Farmers' Union (NFU) reveals that arable farmers are spending more time and money than ever protecting the countryside. The NFU questioned 2 000 English and Welsh farmers and found that all carried out some type of environmental work. The survey results hit back at accusations that farming causes unnecessary damage to the environment. Summary of survey available at http://www.nfu.org.uk/info/environmentJune02.asp. Full survey results and NFU publication "Looking after the landscape" available from the NFU Press Office, t +44(0)20 7331 7397 http://www.nfu.org.uk/pr/4027052/Envirosurvey.htm |
| 590 ## - LOCAL NOTE (RLIN) | |
| Local note | WB |
| 650 ## - SUBJECT ADDED ENTRY--TOPICAL TERM | |
| Topical term or geographic name entry element | NFU |
| 650 ## - SUBJECT ADDED ENTRY--TOPICAL TERM | |
| Topical term or geographic name entry element | NATIONAL FARMERS UNION |
| 650 ## - SUBJECT ADDED ENTRY--TOPICAL TERM | |
| Topical term or geographic name entry element | ARABLE FARMERS |
| 650 ## - SUBJECT ADDED ENTRY--TOPICAL TERM | |
| Topical term or geographic name entry element | ENVIRONMENTAL MANAGEMENT |
| 650 ## - SUBJECT ADDED ENTRY--TOPICAL TERM | |
| Topical term or geographic name entry element | NATURE CONSERVATION |
| 650 ## - SUBJECT ADDED ENTRY--TOPICAL TERM | |
| Topical term or geographic name entry element | COUNTRYSIDE |
| 690 ## - LOCAL SUBJECT ADDED ENTRY--TOPICAL TERM (OCLC, RLIN) | |
| Topical term or geographic name as entry element | RURAL-NATURE CONSERVATION |
| 942 ## - ADDED ENTRY ELEMENTS (KOHA) | |
| Suppress in OPAC | 0 |
| Withdrawn status | Lost status | Source of classification or shelving scheme | Damaged status | Not for loan | Home library | Current library | Shelving location | Date acquired | Total Checkouts | Full call number | Barcode | Date last seen | Copy number | Price effective from | Koha item type |
|---|---|---|---|---|---|---|---|---|---|---|---|---|---|---|---|
| Dewey Decimal Classification | London | London | News article | 01/07/2002 | WB3824-29 | 118608-1001 | 06/08/2019 | 1 | 06/08/2019 | News article |